[Event "EYCC 2024 - O08"]
[Site "?"]
[Date "2024.08.28"]
[Round "6.1"]
[White "Hanas, Markiyan"]
[Black "Hu, Junyan"]
[Result "0-1"]
[BlackElo "1720"]
[WhiteElo "1652"]
[LiveChessVersion "1.4.8"]

1. e4 {[%clk 1:30:34]} c5 {[%clk 1:30:26]} 2. Nf3 {[%clk 1:30:07]} e6
{[%clk 1:30:34]} 3. Bd3 {[%clk 1:29:43]} Nc6 {[%clk 1:30:29]} 4. O-O
{[%clk 1:28:43]} d5 {[%clk 1:30:33]} 5. exd5 {[%clk 1:27:55]} exd5
{[%clk 1:29:13]} 6. Re1+ {[%clk 1:26:50]} Be7 {[%clk 1:28:55]} 7. Bb5
{[%clk 1:25:28]} Bd7 {[%clk 1:28:15]} 8. d3 {[%clk 1:22:50]} Nf6 {[%clk 1:27:32]}
9. Qe2 {[%clk 1:19:12]} h6 {[%clk 1:24:48]} 10. Bf4 {[%clk 1:15:11]} a6
{[%clk 1:21:39]} 11. Bxc6 {[%clk 1:12:39]} Bxc6 {[%clk 1:20:55]} 12. Nbd2
{[%clk 1:04:36]} d4 {[%clk 1:19:33]} 13. Nh4 {[%clk 0:55:13]} Nd5
{[%clk 1:17:17]} 14. Be5 {[%clk 0:47:58]} O-O {[%clk 1:16:20]} 15. Bxg7
{[%clk 0:38:45]} Bxh4 {[%clk 1:15:16]} 16. Bxh6 {[%clk 0:34:41]} Nf6
{[%clk 1:07:14]} 17. Bxf8 {[%clk 0:29:29]} Kxf8 {[%clk 1:06:36]} 18. Nf3
{[%clk 0:23:23]} Nd5 {[%clk 1:00:21]} 19. Qe5 {[%clk 0:20:39]} Bf6
{[%clk 0:59:09]} 20. Qh5 {[%clk 0:20:06]} Bg7 21. Re4 {[%clk 0:15:38]} b6
{[%clk 0:47:06]} 22. Ng5 {[%clk 0:12:11]} Be8 {[%clk 0:44:12]} 23. Rae1
{[%clk 0:09:56]} Qd7 {[%clk 0:43:49]} 24. Nh7+ {[%clk 0:08:01]} Kg8
{[%clk 0:43:06]} 25. g3 {[%clk 0:05:29]} Rd8 {[%clk 0:41:26]} 26. Rh4
{[%clk 0:04:03]} f6 {[%clk 0:37:24]} 27. Nxf6+ {[%clk 0:00:35]} Nxf6
{[%clk 0:36:42]} 28. Qg5 {[%clk 0:00:40]} Qf7 {[%clk 0:34:07]} 29. Re5
{[%clk 0:00:35]} Rd6 {[%clk 0:32:57]} 30. Rf4 {[%clk 0:00:35]} Bd7
{[%clk 0:32:04]} 31. Kg2 {[%clk 0:00:35]} Bc6+ {[%clk 0:31:56]} 32. Kg1
{[%clk 0:00:43]} Qxa2 {[%clk 0:31:46]} 33. Re1 {[%clk 0:00:32]} Re6
{[%clk 0:31:45]} 34. Rf1 {[%clk 0:00:38]} Bb7 {[%clk 0:29:53]} 35. h4
{[%clk 0:00:34]} Qa4 {[%clk 0:30:17]} 36. h5 {[%clk 0:00:35]} Qc6
{[%clk 0:30:20]} 37. f3 {[%clk 0:00:58]} Nh7 {[%clk 0:28:55]} 38. Qg4
{[%clk 0:00:49]} Nf6 {[%clk 0:27:29]} 39. Qg6 {[%clk 0:00:34]} Ne8
{[%clk 0:21:53]} 40. Qf7+ {[%clk 0:00:51]} Kh8 {[%clk 0:21:36]} 41. Re4
{[%clk 0:00:33]} Bc8 {[%clk 0:14:56]} 42. Rfe1 {[%clk 0:00:33]} Rxe4
{[%clk 0:13:44]} 43. Rxe4 {[%clk 0:00:54]} Nd6 {[%clk 0:11:20]} 44. Qg6
{[%clk 0:01:13]} Bf5 {[%clk 0:11:32]} 45. Qg5 {[%clk 0:00:51]} Bxe4
{[%clk 0:11:11]} 46. h6 {[%clk 0:00:38]} Nf5 {[%clk 0:08:05]} 47. hxg7+ Nxg7
{[%clk 0:07:17]} 48. fxe4 {[%clk 0:01:09]} Qd6 {[%clk 0:06:49]} 49. Kf2
{[%clk 0:01:10]} Kh7 {[%clk 0:05:56]} 50. Kg2 {[%clk 0:01:01]} Qh6
{[%clk 0:06:12]} 51. Qd5 {[%clk 0:01:23]} Qd2+ {[%clk 0:06:03]} 52. Kh3
{[%clk 0:01:25]} Qxc2 {[%clk 0:05:27]} 53. Qd8 {[%clk 0:01:35]} Qd2
{[%clk 0:05:12]} 54. Kg4 {[%clk 0:00:39]} Qd1+ {[%clk 0:05:01]} 55. Kf4
{[%clk 0:00:34]} Ne6+ {[%clk 0:05:18]} 56. Ke5 {[%clk 0:00:32]} Nxd8
{[%clk 0:05:43]} 57. g4 Qxg4 {[%clk 0:06:04]} 58. Kd6 {[%clk 0:01:04]} Nb7+
{[%clk 0:06:13]} 59. Kc7 {[%clk 0:01:24]} Qe6 {[%clk 0:06:34]} 60. e5
{[%clk 0:01:46]} Kg7 {[%clk 0:07:01]} 61. Kxb7 {[%clk 0:02:02]} Kf7
{[%clk 0:07:25]} 62. Kc7 {[%clk 0:01:58]} Ke7 {[%clk 0:07:52]} 63. Kb7
{[%clk 0:02:17]} Kd7 {[%clk 0:08:08]} 64. Kxa6 {[%clk 0:02:38]} Kc6
{[%clk 0:08:32]} 65. Ka7 {[%clk 0:02:53]} Qc8 {[%clk 0:08:56]} 66. e6
{[%clk 0:03:18]} Qb7# {[%clk 0:09:24]} 0-1

[Event "EYCC 2024 - O08"]
[Site "?"]
[Date "2024.08.28"]
[Round "6.2"]
[White "Demchenko, Timofei"]
[Black "Arsenijevic, Matija"]
[Result "1-0"]
[BlackElo "1760"]
[WhiteElo "1769"]
[LiveChessVersion "1.4.8"]

1. e4 c6 {[%clk 1:30:51]} 2. Nf3 {[%clk 1:31:21]} d5 {[%clk 1:31:15]} 3. Nc3
{[%clk 1:31:45]} dxe4 {[%clk 1:31:39]} 4. Nxe4 {[%clk 1:32:05]} Nf6
{[%clk 1:31:49]} 5. Qe2 {[%clk 1:31:27]} Nxe4 {[%clk 1:31:53]} 6. Qxe4
{[%clk 1:31:50]} Qd5 {[%clk 1:32:19]} 7. Qe3 {[%clk 1:24:07]} Bf5
{[%clk 1:28:58]} 8. c4 {[%clk 1:19:58]} Qe4 {[%clk 1:28:13]} 9. Be2
{[%clk 1:17:14]} Qxe3 {[%clk 1:27:16]} 10. fxe3 {[%clk 1:17:18]} Nd7
{[%clk 1:25:19]} 11. d4 {[%clk 1:14:00]} e6 {[%clk 1:24:52]} 12. Bd2
{[%clk 1:12:04]} Be7 {[%clk 1:23:30]} 13. b4 {[%clk 1:10:15]} O-O 14. O-O
{[%clk 1:08:03]} Rfd8 {[%clk 1:20:34]} 15. a4 {[%clk 1:02:31]} b6
{[%clk 1:15:00]} 16. Ne1 {[%clk 0:58:50]} Nf6 {[%clk 1:11:40]} 17. Nd3
{[%clk 0:53:51]} Bxd3 18. Bxd3 {[%clk 0:54:11]} c5 {[%clk 1:09:59]} 19. bxc5
{[%clk 0:52:38]} bxc5 {[%clk 1:09:24]} 20. Bc3 {[%clk 0:51:20]} cxd4
{[%clk 1:08:17]} 21. exd4 {[%clk 0:50:22]} Bc5 {[%clk 1:06:47]} 22. Rad1
{[%clk 0:47:29]} Bxd4+ {[%clk 1:05:52]} 23. Bxd4 {[%clk 0:47:52]} Rxd4
{[%clk 1:05:58]} 24. Bxh7+ {[%clk 0:48:17]} Kxh7 {[%clk 1:05:58]} 25. Rxd4
{[%clk 0:48:42]} e5 {[%clk 1:04:26]} 26. Rh4+ {[%clk 0:46:22]} Kg6
{[%clk 1:04:00]} 27. c5 {[%clk 0:44:25]} Rc8 {[%clk 1:03:51]} 28. Rc1
{[%clk 0:43:34]} Rc6 {[%clk 1:03:10]} 29. Rb4 {[%clk 0:42:46]} Nd5
{[%clk 0:59:19]} 30. Rb7 {[%clk 0:40:48]} a6 {[%clk 0:59:04]} 31. a5
{[%clk 0:40:13]} Kf6 {[%clk 0:53:35]} 32. Rb6 {[%clk 0:40:04]} Ne7
{[%clk 0:52:44]} 33. Rd1 {[%clk 0:39:21]} Kf5 {[%clk 0:52:11]} 34. Rxc6
{[%clk 0:39:30]} Nxc6 {[%clk 0:52:33]} 35. Rd6 {[%clk 0:39:54]} Nd4
{[%clk 0:52:08]} 36. Rxa6 {[%clk 0:39:31]} Ke4 {[%clk 0:51:30]} 37. Rd6
{[%clk 0:39:03]} Nb5 {[%clk 0:51:01]} 38. a6 {[%clk 0:38:28]} Ke3
{[%clk 0:50:15]} 39. Rb6 {[%clk 0:38:19]} Nc7 {[%clk 0:50:06]} 40. a7
{[%clk 0:38:13]} Ke2 {[%clk 0:48:55]} 41. Rb7 {[%clk 0:38:06]} Na8
{[%clk 0:48:54]} 42. c6 {[%clk 0:38:20]} e4 {[%clk 0:49:10]} 43. c7
{[%clk 0:38:35]} e3 {[%clk 0:48:15]} 44. c8=Q {[%clk 0:38:43]} 1-0

[Event "EYCC 2024 - O08"]
[Site "?"]
[Date "2024.08.28"]
[Round "6.3"]
[White "Szumiec, Jan"]
[Black "Bartzos, Iasonas"]
[Result "0-1"]
[BlackElo "1583"]
[WhiteElo "1560"]
[LiveChessVersion "1.4.8"]

1. e4 {[%clk 1:30:57]} c5 {[%clk 1:30:51]} 2. Nf3 {[%clk 1:31:19]} g6
{[%clk 1:31:15]} 3. d4 {[%clk 1:31:41]} cxd4 {[%clk 1:31:33]} 4. Nxd4
{[%clk 1:32:00]} Nc6 {[%clk 1:31:41]} 5. c4 {[%clk 1:32:14]} Bg7 {[%clk 1:32:04]}
6. Be3 {[%clk 1:32:34]} Qb6 {[%clk 1:32:17]} 7. Nb3 {[%clk 1:30:08]} Qd8
{[%clk 1:32:32]} 8. Qd2 {[%clk 1:29:37]} Nf6 {[%clk 1:32:27]} 9. f3
{[%clk 1:29:22]} d6 {[%clk 1:30:58]} 10. Nc3 {[%clk 1:26:35]} O-O
{[%clk 1:30:07]} 11. Be2 {[%clk 1:23:23]} b6 {[%clk 1:13:41]} 12. O-O
{[%clk 1:19:52]} Nd7 {[%clk 1:09:14]} 13. Nd5 {[%clk 1:14:08]} Nc5
{[%clk 1:06:34]} 14. Nd4 {[%clk 0:57:26]} Nxd4 {[%clk 1:03:16]} 15. Bxd4
{[%clk 0:56:38]} Ne6 {[%clk 0:48:32]} 16. Bxg7 {[%clk 0:56:12]} Kxg7
{[%clk 0:45:18]} 17. f4 {[%clk 0:47:49]} Nc5 18. Qc3+ {[%clk 0:42:20]} Kg8
{[%clk 0:42:00]} 19. Bf3 {[%clk 0:37:55]} Bb7 {[%clk 0:38:06]} 20. f5
{[%clk 0:35:40]} Bxd5 {[%clk 0:36:41]} 21. exd5 {[%clk 0:33:50]} Nd7
{[%clk 0:36:52]} 22. h4 {[%clk 0:29:21]} Ne5 {[%clk 0:33:15]} 23. h5
{[%clk 0:27:19]} g5 {[%clk 0:31:06]} 24. b3 {[%clk 0:19:28]} Rc8 {[%clk 0:27:49]}
25. h6 {[%clk 0:18:28]} f6 {[%clk 0:27:09]} 26. Qe3 {[%clk 0:17:47]} Kh8
{[%clk 0:24:06]} 27. Bh5 {[%clk 0:17:05]} Rg8 {[%clk 0:23:28]} 28. g4
{[%clk 0:16:30]} Qf8 {[%clk 0:23:21]} 29. Rf2 {[%clk 0:16:10]} Qxh6
{[%clk 0:22:13]} 30. Rh2 {[%clk 0:16:27]} Qf8 {[%clk 0:22:11]} 31. Kg2
{[%clk 0:15:00]} Kg7 {[%clk 0:20:34]} 32. Qh3 {[%clk 0:10:55]} Rh8
{[%clk 0:18:56]} 33. Rah1 {[%clk 0:11:05]} h6 {[%clk 0:14:18]} 34. Bg6
{[%clk 0:06:04]} Nxg6 {[%clk 0:13:42]} 35. fxg6 {[%clk 0:02:25]} Kxg6
{[%clk 0:13:29]} 36. Qh5+ {[%clk 0:00:34]} Kg7 {[%clk 0:13:38]} 37. Qxh6+
{[%clk 0:00:33]} Rxh6 {[%clk 0:13:34]} 38. Rxh6 {[%clk 0:00:55]} f5
{[%clk 0:07:18]} 39. Rh7+ {[%clk 0:01:17]} Kf6 {[%clk 0:06:55]} 40. R7h6+
{[%clk 0:01:03]} Ke5 {[%clk 0:06:42]} 41. Rd1 {[%clk 0:00:58]} Qxh6
{[%clk 0:06:33]} 0-1

[Event "EYCC 2024 - O08"]
[Site "?"]
[Date "2024.08.28"]
[Round "6.4"]
[White "Czachurski, Ignacy"]
[Black "Huzela, Lukyan"]
[Result "1-0"]
[BlackElo "1577"]
[WhiteElo "1525"]
[LiveChessVersion "1.4.8"]

1. e4 {[%clk 1:30:55]} c5 {[%clk 1:30:52]} 2. Nf3 {[%clk 1:31:11]} e6
{[%clk 1:31:12]} 3. d4 {[%clk 1:31:26]} cxd4 {[%clk 1:31:35]} 4. Nxd4
{[%clk 1:31:39]} a6 {[%clk 1:32:00]} 5. Bd3 {[%clk 1:31:56]} Bc5 {[%clk 1:31:58]}
6. Nb3 {[%clk 1:27:06]} Ba7 {[%clk 1:32:23]} 7. O-O {[%clk 1:25:13]} d6
{[%clk 1:31:36]} 8. Qe2 {[%clk 1:22:20]} Nf6 {[%clk 1:30:37]} 9. Be3
{[%clk 1:20:47]} Bxe3 {[%clk 1:30:08]} 10. Qxe3 {[%clk 1:21:02]} O-O
{[%clk 1:23:18]} 11. N1d2 {[%clk 1:16:25]} Nc6 {[%clk 1:20:28]} 12. Nc4
{[%clk 1:11:15]} d5 {[%clk 1:16:23]} 13. exd5 {[%clk 1:07:39]} Nxd5
{[%clk 1:11:32]} 14. Qg3 {[%clk 1:07:31]} b5 {[%clk 1:09:39]} 15. Ne3
{[%clk 1:04:40]} Nxe3 {[%clk 1:04:32]} 16. Qxe3 {[%clk 1:04:02]} f5
{[%clk 0:57:40]} 17. f4 {[%clk 1:01:31]} Qf6 {[%clk 0:50:33]} 18. c3
{[%clk 0:54:57]} Re8 {[%clk 0:48:32]} 19. Qf2 {[%clk 0:46:10]} g6
{[%clk 0:41:36]} 20. Nc5 {[%clk 0:42:59]} e5 {[%clk 0:37:23]} 21. fxe5
{[%clk 0:42:43]} Nxe5 {[%clk 0:37:03]} 22. Be4 {[%clk 0:39:59]} Ra7
{[%clk 0:28:57]} 23. Bd5+ {[%clk 0:37:12]} Nf7 {[%clk 0:26:15]} 24. Ne4
{[%clk 0:33:29]} Qe7 {[%clk 0:21:42]} 25. Ng5 {[%clk 0:32:11]} Qe3
{[%clk 0:20:08]} 26. Bxf7+ {[%clk 0:31:50]} Rxf7 {[%clk 0:20:29]} 27. Qxe3
{[%clk 0:31:49]} Rxe3 {[%clk 0:20:50]} 28. Nxf7 {[%clk 0:32:12]} Kxf7
{[%clk 0:21:18]} 29. Rfe1 {[%clk 0:32:02]} Rxe1+ {[%clk 0:20:50]} 30. Rxe1
{[%clk 0:32:20]} Be6 {[%clk 0:21:20]} 31. b3 {[%clk 0:32:25]} Kf6
{[%clk 0:21:40]} 32. Kf2 {[%clk 0:32:19]} h5 {[%clk 0:21:48]} 33. Ke3
{[%clk 0:32:29]} Ke5 {[%clk 0:21:56]} 34. Kd3+ {[%clk 0:32:35]} Kd5
{[%clk 0:21:58]} 35. c4+ {[%clk 0:32:40]} bxc4+ {[%clk 0:22:19]} 36. bxc4+
{[%clk 0:33:02]} Kd6 {[%clk 0:22:31]} 37. Kd4 {[%clk 0:33:25]} f4
{[%clk 0:22:23]} 38. c5+ {[%clk 0:33:37]} Kd7 {[%clk 0:22:46]} 39. c6+
{[%clk 0:33:54]} Kd6 {[%clk 0:23:15]} 40. c7 {[%clk 0:33:37]} Bg4
{[%clk 0:22:25]} 41. Rc1 {[%clk 0:33:41]} Bc8 {[%clk 0:22:54]} 42. Ke4
{[%clk 0:33:56]} g5 {[%clk 0:22:11]} 43. h4 {[%clk 0:33:27]} f3 {[%clk 0:21:33]}
44. Kxf3 {[%clk 0:31:33]} gxh4 {[%clk 0:21:47]} 45. Kf4 {[%clk 0:31:34]} Kd7
{[%clk 0:20:39]} 46. Kg5 {[%clk 0:31:34]} Bb7 {[%clk 0:20:47]} 47. Kxh4
{[%clk 0:31:24]} Kc8 {[%clk 0:21:01]} 48. g3 {[%clk 0:31:09]} Bf3
{[%clk 0:21:19]} 49. Rc5 {[%clk 0:31:07]} Be2 {[%clk 0:20:42]} 50. Rxh5
{[%clk 0:31:21]} Kxc7 {[%clk 0:21:05]} 51. g4 {[%clk 0:31:32]} Kd6
{[%clk 0:21:33]} 52. g5 {[%clk 0:31:04]} Ke6 {[%clk 0:21:30]} 53. Rh6+
{[%clk 0:31:13]} Kf7 {[%clk 0:21:40]} 54. Kg3 {[%clk 0:31:01]} Bc4
{[%clk 0:22:01]} 55. a3 {[%clk 0:30:50]} Kg7 {[%clk 0:21:31]} 56. Rd6
{[%clk 0:30:14]} Kf7 {[%clk 0:20:47]} 57. Kf4 {[%clk 0:30:17]} Kg7
{[%clk 0:20:55]} 58. Kf5 {[%clk 0:30:20]} Bb5 {[%clk 0:21:11]} 59. g6
{[%clk 0:30:10]} Bc4 {[%clk 0:20:58]} 60. Rd7+ {[%clk 0:30:19]} Kh8
{[%clk 0:20:26]} 61. Kf6 {[%clk 0:30:23]} Bg8 {[%clk 0:19:17]} 62. Rd2
{[%clk 0:30:01]} Bc4 {[%clk 0:19:26]} 63. g7+ {[%clk 0:30:01]} Kh7
{[%clk 0:19:26]} 64. Rh2+ {[%clk 0:30:24]} Kg8 {[%clk 0:19:48]} 65. Rh8#
{[%clk 0:30:47]} 1-0

[Event "EYCC 2024 - O08"]
[Site "?"]
[Date "2024.08.28"]
[Round "6.5"]
[White "Aker, Meric Zeynel"]
[Black "Kapelinsky, Amos"]
[Result "1-0"]
[BlackElo "1430"]
[WhiteElo "1676"]
[LiveChessVersion "1.4.8"]

1. d4 {[%clk 1:30:58]} d5 {[%clk 1:30:38]} 2. c4 {[%clk 1:31:19]} e6
{[%clk 1:30:54]} 3. Nc3 Nf6 {[%clk 1:31:12]} 4. Bg5 {[%clk 1:32:01]} Be7
{[%clk 1:31:07]} 5. e3 {[%clk 1:31:51]} h6 {[%clk 1:31:30]} 6. Bh4
{[%clk 1:32:13]} O-O {[%clk 1:31:43]} 7. Nf3 {[%clk 1:30:55]} b6 {[%clk 1:31:49]}
8. Bd3 {[%clk 1:27:14]} Bb7 {[%clk 1:31:57]} 9. cxd5 {[%clk 1:25:04]} exd5
{[%clk 1:30:57]} 10. O-O {[%clk 1:24:22]} c5 {[%clk 1:31:10]} 11. Rc1
{[%clk 1:20:57]} c4 {[%clk 1:30:43]} 12. Bb1 {[%clk 1:20:38]} a6 {[%clk 1:29:35]}
13. Qc2 {[%clk 1:16:50]} Nbd7 {[%clk 1:27:59]} 14. Rfd1 {[%clk 1:10:59]} Re8
{[%clk 1:25:09]} 15. Ne5 {[%clk 1:05:40]} Nf8 {[%clk 1:23:55]} 16. a4
{[%clk 0:56:53]} Bd6 {[%clk 1:22:29]} 17. Ng4 {[%clk 0:53:44]} N8h7
{[%clk 1:18:57]} 18. Nxf6+ {[%clk 0:43:28]} Nxf6 {[%clk 1:17:23]} 19. Qf5
{[%clk 0:41:45]} Bc6 {[%clk 1:10:07]} 20. Bxf6 {[%clk 0:38:21]} Qxf6
{[%clk 1:10:27]} 21. Qxf6 {[%clk 0:38:46]} gxf6 {[%clk 1:10:47]} 22. e4
{[%clk 0:35:09]} Bf4 {[%clk 1:08:15]} 23. Rc2 {[%clk 0:33:58]} dxe4
{[%clk 1:07:39]} 24. Ne2 {[%clk 0:27:41]} Bxa4 {[%clk 1:04:30]} 25. Nxf4
{[%clk 0:28:02]} Bxc2 {[%clk 1:04:39]} 26. Bxc2 {[%clk 0:28:30]} Rad8
{[%clk 1:03:19]} 27. Nh5 {[%clk 0:27:35]} Rd6 {[%clk 1:03:10]} 28. Ng3
{[%clk 0:27:12]} Red8 {[%clk 1:02:50]} 29. Nf5 {[%clk 0:27:10]} R6d7
{[%clk 1:01:31]} 30. Nxh6+ {[%clk 0:26:49]} Kh7 {[%clk 0:57:26]} 31. Nf5
{[%clk 0:26:46]} Rd5 {[%clk 0:56:58]} 32. Bxe4 {[%clk 0:26:53]} Re5
{[%clk 0:57:15]} 33. Nd6+ {[%clk 0:26:45]} Rxe4 {[%clk 0:56:32]} 34. Nxe4 Kg6
{[%clk 0:56:39]} 35. d5 {[%clk 0:26:10]} Kf5 {[%clk 0:56:53]} 36. f3
{[%clk 0:26:05]} Ke5 {[%clk 0:57:09]} 37. d6 {[%clk 0:25:57]} f5 {[%clk 0:57:19]}
38. Ng5 {[%clk 0:25:52]} Kf6 {[%clk 0:57:20]} 39. f4 {[%clk 0:25:28]} b5
{[%clk 0:57:37]} 40. h4 {[%clk 0:25:29]} Kg6 {[%clk 0:57:45]} 41. h5+
{[%clk 0:25:52]} Kxh5 {[%clk 0:56:05]} 42. Nxf7 {[%clk 0:26:20]} Rd7
{[%clk 0:56:09]} 43. Ne5 {[%clk 0:26:48]} Rd8 {[%clk 0:56:22]} 44. d7
{[%clk 0:27:08]} 1-0

[Event "EYCC 2024 - O08"]
[Site "?"]
[Date "2024.08.28"]
[Round "6.6"]
[White "Cherem, Yoseph"]
[Black "Protopopescu, Luca"]
[Result "0-1"]
[BlackElo "1849"]
[WhiteElo "1606"]
[LiveChessVersion "1.4.8"]

1. d4 {[%clk 1:30:56]} Nf6 {[%clk 1:30:53]} 2. c4 {[%clk 1:31:00]} e6
{[%clk 1:31:15]} 3. Nc3 {[%clk 1:31:02]} Bb4 {[%clk 1:30:58]} 4. Bg5
{[%clk 1:30:26]} c5 {[%clk 1:31:18]} 5. d5 {[%clk 1:29:36]} Qa5 {[%clk 1:31:34]}
6. Bxf6 {[%clk 1:28:48]} gxf6 {[%clk 1:31:52]} 7. Qc2 {[%clk 1:28:59]} b5
{[%clk 1:26:54]} 8. e4 {[%clk 1:28:44]} Bb7 {[%clk 1:22:56]} 9. a3
{[%clk 1:10:35]} f5 {[%clk 1:16:45]} 10. f3 {[%clk 1:10:24]} Rg8 {[%clk 1:10:48]}
11. cxb5 {[%clk 1:08:58]} fxe4 {[%clk 1:10:35]} 12. fxe4 {[%clk 1:09:05]} exd5
{[%clk 1:10:46]} 13. exd5 {[%clk 1:09:20]} Bxc3+ {[%clk 1:09:44]} 14. bxc3
{[%clk 1:08:23]} Bxd5 {[%clk 1:09:41]} 15. Rd1 {[%clk 1:07:53]} Be6
{[%clk 1:10:01]} 16. Ne2 {[%clk 1:07:49]} Qxa3 {[%clk 1:06:45]} 17. Qe4
{[%clk 1:07:30]} d5 {[%clk 1:06:48]} 18. Rxd5 {[%clk 1:07:16]} Nd7
{[%clk 1:01:53]} 19. Rxc5 {[%clk 1:03:10]} Rb8 {[%clk 1:01:01]} 20. Rd5
{[%clk 1:00:01]} Rg4 {[%clk 0:41:43]} 21. Qe3 {[%clk 0:58:42]} Rb7
{[%clk 0:37:49]} 22. g3 {[%clk 0:55:25]} Nf6 {[%clk 0:26:29]} 23. Re5
{[%clk 0:53:38]} Qa1+ {[%clk 0:26:31]} 24. Kf2 {[%clk 0:53:51]} Rg6
{[%clk 0:25:28]} 25. Rxe6+ {[%clk 0:51:42]} fxe6 {[%clk 0:25:42]} 26. Qxe6+
{[%clk 0:51:59]} Re7 {[%clk 0:25:41]} 27. Qc8+ {[%clk 0:52:06]} Kf7
{[%clk 0:26:00]} 28. Qc4+ {[%clk 0:51:45]} Kg7 {[%clk 0:24:34]} 29. Bg2
{[%clk 0:51:07]} Qb2 {[%clk 0:22:50]} 30. h3 {[%clk 0:50:42]} Nh5
{[%clk 0:21:22]} 31. Bf3 {[%clk 0:32:17]} Rf7 {[%clk 0:18:59]} 32. Qd4+
{[%clk 0:32:31]} Rgf6 {[%clk 0:19:04]} 33. Qg4+ {[%clk 0:32:38]} Kh8
{[%clk 0:19:13]} 34. Qd4 {[%clk 0:31:13]} Ng7 {[%clk 0:19:25]} 35. Qd8+
{[%clk 0:28:08]} Rf8 {[%clk 0:19:38]} 36. Qd5 {[%clk 0:00:34]} Rxf3+
{[%clk 0:19:58]} 37. Qxf3 {[%clk 0:00:31]} Rxf3+ {[%clk 0:20:19]} 38. Kxf3
{[%clk 0:00:47]} Qxb5 {[%clk 0:20:28]} 39. Ra1 {[%clk 0:00:31]} Ne6
{[%clk 0:20:14]} 40. g4 {[%clk 0:00:31]} Ng5+ {[%clk 0:20:33]} 41. Kf2
{[%clk 0:00:36]} Nxh3+ {[%clk 0:20:50]} 42. Kg3 {[%clk 0:00:49]} Qxe2
{[%clk 0:21:12]} 43. Kxh3 {[%clk 0:00:56]} Qf3+ {[%clk 0:21:33]} 44. Kh4
{[%clk 0:00:56]} h6 {[%clk 0:21:34]} 45. Ra6 {[%clk 0:00:53]} Qf4
{[%clk 0:21:42]} 46. Rc6 {[%clk 0:00:32]} Qh2# {[%clk 0:21:53]} 0-1

[Event "EYCC 2024 - O08"]
[Site "?"]
[Date "2024.08.28"]
[Round "6.7"]
[White "Zidek, Damian"]
[Black "Badescu, Matei-Andrei"]
[Result "1/2-1/2"]
[BlackElo "1791"]
[WhiteElo "1582"]
[LiveChessVersion "1.4.8"]

1. d4 {[%clk 1:30:58]} d5 {[%clk 1:30:54]} 2. c4 {[%clk 1:31:22]} e6
{[%clk 1:31:18]} 3. Nc3 {[%clk 1:31:46]} Nf6 {[%clk 1:31:41]} 4. cxd5
{[%clk 1:32:10]} exd5 {[%clk 1:31:59]} 5. Bg5 {[%clk 1:32:27]} c6
{[%clk 1:32:14]} 6. e3 {[%clk 1:32:45]} Be7 {[%clk 1:32:30]} 7. Bd3
{[%clk 1:32:58]} Nbd7 {[%clk 1:32:44]} 8. Nge2 {[%clk 1:33:15]} Nh5
{[%clk 1:31:18]} 9. Bxe7 {[%clk 1:32:48]} Qxe7 {[%clk 1:31:19]} 10. Qc2
{[%clk 1:31:58]} Nhf6 {[%clk 1:31:16]} 11. O-O {[%clk 1:31:41]} O-O
{[%clk 1:31:32]} 12. Ng3 {[%clk 1:30:03]} Nb6 {[%clk 1:30:56]} 13. Rae1
{[%clk 1:27:42]} Bd7 {[%clk 1:30:01]} 14. e4 {[%clk 1:25:16]} dxe4
{[%clk 1:29:13]} 15. Ngxe4 {[%clk 1:23:02]} Nxe4 {[%clk 1:28:57]} 16. Rxe4
{[%clk 1:22:45]} Qd8 {[%clk 1:27:35]} 17. Re3 {[%clk 1:20:47]} g6
{[%clk 1:25:43]} 18. Rg3 {[%clk 1:20:25]} Be8 {[%clk 1:17:31]} 19. Rd1
{[%clk 1:18:36]} Nd5 {[%clk 1:17:15]} 20. Nxd5 {[%clk 1:16:48]} cxd5
{[%clk 1:17:16]} 21. Qe2 {[%clk 1:12:57]} Qd6 {[%clk 1:14:58]} 22. h4
{[%clk 1:12:17]} Bd7 {[%clk 1:11:23]} 23. h5 {[%clk 1:10:28]} Rae8
{[%clk 1:10:29]} 24. Qd2 {[%clk 1:08:32]} Qf6 {[%clk 1:08:11]} 25. hxg6
{[%clk 1:06:45]} fxg6 {[%clk 1:08:24]} 26. Bb1 {[%clk 1:06:15]} Bf5
{[%clk 1:02:56]} 27. Rf3 {[%clk 1:04:31]} Qe6 {[%clk 1:02:02]} 28. Bxf5
{[%clk 1:04:02]} Rxf5 {[%clk 1:02:07]} 29. Re3 {[%clk 1:04:05]} Qd7
{[%clk 1:01:39]} 30. Rde1 {[%clk 1:02:56]} Rff8 {[%clk 1:00:45]} 31. Re5
{[%clk 0:59:06]} Rxe5 {[%clk 0:59:01]} 32. Rxe5 {[%clk 0:57:08]} Re8
{[%clk 0:58:01]} 33. f4 {[%clk 0:54:08]} Rxe5 {[%clk 0:57:40]} 34. dxe5
{[%clk 0:53:26]} Kf7 {[%clk 0:57:33]} 35. Kf2 {[%clk 0:53:24]} Ke6
{[%clk 0:56:55]} 36. Qe3 {[%clk 0:52:57]} d4 {[%clk 0:55:31]} 37. Qh3+
{[%clk 0:51:57]} Ke7 {[%clk 0:55:43]} 38. Qxd7+ {[%clk 0:51:55]} Kxd7
{[%clk 0:56:06]} 39. Kf3 {[%clk 0:43:28]} Kc6 {[%clk 0:55:53]} 40. Ke4
{[%clk 0:43:28]} Kc5 {[%clk 0:55:46]} 41. b3 {[%clk 0:43:49]} h5 {[%clk 0:55:31]}
42. b4+ {[%clk 0:39:11]} Kc4 {[%clk 0:53:56]} 43. e6 {[%clk 0:39:15]} d3
{[%clk 0:53:33]} 44. e7 {[%clk 0:39:40]} d2 {[%clk 0:53:57]} 45. e8=Q
{[%clk 0:40:02]} d1=Q {[%clk 0:54:09]} 46. Qc8+ {[%clk 0:40:14]} Kxb4 47. Qxb7+
{[%clk 0:40:30]} Kc3 {[%clk 0:54:36]} 48. Qg7+ {[%clk 0:39:35]} Kc2
{[%clk 0:54:15]} 49. Qc7+ {[%clk 0:39:38]} Kb1 {[%clk 0:54:21]} 50. Qb7+
{[%clk 0:39:40]} Kxa2 {[%clk 0:53:24]} 51. Qxa7+ {[%clk 0:39:57]} Kb1
{[%clk 0:53:40]} 52. Qb6+ {[%clk 0:39:59]} Ka2 {[%clk 0:53:47]} 53. Qa5+
{[%clk 0:40:01]} Kb1 {[%clk 0:54:04]} 54. Qb4+ {[%clk 0:39:54]} Ka2
{[%clk 0:54:19]} 55. Qc4+ {[%clk 0:40:15]} Kb1 {[%clk 0:53:49]} 56. Qd3+
{[%clk 0:39:22]} Qxd3+ {[%clk 0:54:06]} 57. Kxd3 {[%clk 0:39:42]} Kc1
{[%clk 0:54:29]} 58. Ke3 {[%clk 0:34:39]} Kd1 {[%clk 0:54:20]} 59. Kf3
{[%clk 0:33:22]} Ke1 {[%clk 0:54:23]} 60. Ke3 {[%clk 0:30:16]} Kf1
{[%clk 0:54:18]} 61. Kf3 {[%clk 0:30:22]} h4 {[%clk 0:53:18]} 62. Kg4
{[%clk 0:30:20]} Kxg2 {[%clk 0:53:40]} 63. Kxh4 {[%clk 0:30:41]} Kf3
{[%clk 0:54:01]} 64. Kg5 {[%clk 0:31:02]} Kg3 {[%clk 0:54:17]} 65. Kxg6
{[%clk 0:31:23]} Kxf4 {[%clk 0:54:41]} 1/2-1/2